Catálogo
 En Linea

Antología de una pasión / (Registro nro. 17163)

Detalles MARC
000 -CABECERA
campo de control de longitud fija 02782nam a2200337 i 4500
001 - NÚMERO DE CONTROL
campo de control 000017638
003 - IDENTIFICADOR DEL NÚMERO DE CONTROL
campo de control DO-SdBNP
005 - FECHA Y HORA DE LA ÚLTIMA TRANSACCIÓN
campo de control 20260401081646.0
007 - CAMPO FIJO DE DESCRIPCIÓN FÍSICA--INFORMACIÓN GENERAL
campo de control de longitud fija ta
008 - DATOS DE LONGITUD FIJA--INFORMACIÓN GENERAL
campo de control de longitud fija 100329s1978 dr 000 0 spa d
040 ## - FUENTE DE LA CATALOGACIÓN
Centro catalogador/agencia de origen DO-SdBNP
Lengua de catalogación spa
Centro/agencia transcriptor BNPHU
Normas de descripción rda
041 ## - CÓDIGO DE LENGUA
Código de lengua del texto/banda sonora o título independiente spa
082 #4 - NÚMERO DE LA CLASIFICACIÓN DECIMAL DEWEY
Número de clasificación RD864.44
Número de documento/Ítem G463a
Número de edición 22
100 1# - ENTRADA PRINCIPAL--NOMBRE DE PERSONA
Nombre de persona Gil, Orlando,
Fechas asociadas al nombre 1949-
Término indicativo de función/relación autor
Código de función/relación aut.
9 (RLIN) 24925
245 10 - MENCIÓN DE TÍTULO
Título Antología de una pasión /
Mención de responsabilidad, etc. Orlando Gil.
250 ## - MENCIÓN DE EDICIÓN
Mención de edición primera edición
264 #1 - PRODUCCIÓN, PUBLICACIÓN, DISTRIBUCIÓN, FABRICACIÓN Y COPYRIGHT
Producción, publicación, distribución, fabricación y copyright Santo Domingo :
Nombre del de productor, editor, distribuidor, fabricante Lozano,
Fecha de producción, publicación, distribución, fabricación o copyright 1978.
300 ## - DESCRIPCIÓN FÍSICA
Extensión 275 páginas ;
Dimensiones 21 cm.
336 ## - TIPO DE CONTENIDO
Término de tipo de contenido texto
Código de tipo de contenido txt
Fuente rdacontent
337 ## - TIPO DE MEDIO
Nombre/término del tipo de medio sin mediación
Código del tipo de medio n
Fuente rdamedia
338 ## - TIPO DE SOPORTE
Nombre/término del tipo de soporte volumen
Código del tipo de soporte nc
Fuente rdacarrier
500 ## - NOTA GENERAL
Nota general Incluye datos biográficos del autor.
500 ## - NOTA GENERAL
Nota general Incluye referencias bibliográficas y notas al pie de las páginas.
505 2# - NOTA DE CONTENIDO CON FORMATO
Nota de contenido con formato Dedicatoria --
Título Epígrafes --
-- Antología de una pasión --
-- Ensayos --
-- Desde el corazón de Neruda --
-- Literatura : ¿ Creación o revelación? --
-- "Un habla dulce, la más dulce del mundo" --
-- La responsabilidad del escritor --
-- Anotaciones al margen de un documento --
-- Ernest Hemingway o la exaltación del hombre común --
-- La permanencia de los valores literarios --
-- La patria como verso y preocupación --
-- La lengua como instrumento personal del escritor --
-- El amor como aliento de lo extraordinario --
-- Andrés Requena o los enemigos de la tierra --
-- Fabio Fiallo, poeta de excepción --
-- Se necesita el libro --
-- El país y la novelística alemana contemporánea --
-- Notas personales --
-- Recapitulando en el tiempo --
-- Don Pedro Mir --
-- Lo que nos pide el poeta desde la tumba --
-- Pedro Henríquez Ureña: acreedor al máximo reconocimiento de este pueblo --
-- Los poetas de la patria --
-- Un apoyo injustificable y sin razón --
-- El paraíso no ha sido destruido --
-- Diario de lecturas --
-- La quémate ocurrencia del doctor Zaglul --
-- El masacre de la novela dominicana --
-- Un microscopio de lo cotidiano --
-- Los niños y el fascinante mundo de nuestros indígenas --
-- "La guaracha del macho Camacho --
-- Segunda campaña de Santo Domingo --
-- Juan, Salvador de las gaviotas --
-- Las segundas intenciones literarias --
-- Sábado de sol después de las lluvias --
-- Dos libros y una misma realidad --
-- Todos los parques no son un paraíso --
-- Oficio de post-muerte --
-- La soltería en la historia dominicana --
-- El despropósito de unos cuentos --
-- La tía Julia y el escribidor --
-- Reconocimiento de los recursos naturales de la República Dominicana.//
590 ## - NOTA LOCAL (RLIN)
Nota local Inventariado, 2021 / DG
650 #4 - PUNTO DE ACCESO ADICIONAL DE MATERIA--TÉRMINO DE MATERIA
Término de materia o nombre geográfico como elemento de entrada Ensayos dominicanos
9 (RLIN) 65
650 #4 - PUNTO DE ACCESO ADICIONAL DE MATERIA--TÉRMINO DE MATERIA
Término de materia o nombre geográfico como elemento de entrada Literatura dominicana.
9 (RLIN) 67
650 #4 - PUNTO DE ACCESO ADICIONAL DE MATERIA--TÉRMINO DE MATERIA
Término de materia o nombre geográfico como elemento de entrada Autores latinoamericanos
Subdivisión general Crítica e interpretación
9 (RLIN) 22865
910 ## - DATOS DE OPCIÓN DEL USUARIO (OCLC)
Datos de opción del usuario Validado. Control de calidad EMS
942 ## - ELEMENTOS DE PUNTO DE ACCESO ADICIONAL (KOHA)
Fuente del sistema de clasificación o colocación Dewey Decimal Classification
Tipo de ítem Koha Libro
Existencias
Estado de retiro Estado de pérdida Fuente del sistema de clasificación o colocación Restricciones de uso No para préstamo Código de colección Localización permanente Ubicación/localización actual Ubicación en estantería Fecha de adquisición Fuente de adquisición Signatura topográfica completa Código de barras Fecha visto por última vez Número de copia Precio válido a partir de Tipo de ítem Koha Nota pública Total de préstamos
    Dewey Decimal Classification Excluido de préstamo   Patrimonio Dominicano Biblioteca Nacional Pedro Henríquez Ureña Biblioteca Nacional Pedro Henríquez Ureña Depósito 29.03.2010 Donado por Manuel Ortíz BNPHU PD RD864.44 G463a 17638-20 25.06.2020 e.2 25.06.2020 Libro    
    Dewey Decimal Classification Excluido de préstamo   Patrimonio Dominicano Biblioteca Nacional Pedro Henríquez Ureña Biblioteca Nacional Pedro Henríquez Ureña Depósito 29.03.2010 Depósito Legal BNPHU PD RD864.44 G463a 17638-10 25.06.2020   25.06.2020 Libro    
    Dewey Decimal Classification Préstamo en sala   Dominicana de Servicio Biblioteca Nacional Pedro Henríquez Ureña Biblioteca Nacional Pedro Henríquez Ureña Depósito 29.03.2014 Donación BNPHU DS RD864.44 G463a 2020-0183 20.10.2020 e.3 25.06.2020 Libro    
    Dewey Decimal Classification Préstamo en sala   Dominicana de Servicio Biblioteca Nacional Pedro Henríquez Ureña Biblioteca Nacional Pedro Henríquez Ureña Depósito 27.04.2022 Donación BNPHU DS RD864.44 G463a 2022-1601 27.04.2022 e.4 27.04.2022 Libro Perteneció a la biblioteca personal de Bárbara Suncar.  
    Dewey Decimal Classification Préstamo en sala   Dominicana de Servicio Biblioteca Nacional Pedro Henríquez Ureña Biblioteca Nacional Pedro Henríquez Ureña Depósito 09.10.2023 Donado por Federico Henríquez Gratereaux BNPHU DS RD864.44 G463a 2023-6787 09.10.2023 e.5 09.10.2023 Libro Dedicado.  

Con tecnología Koha